| 000 | 00554nam a2200145Ia 4500 | ||
|---|---|---|---|
| 008 | 210428s9999 xx 000 0 und d | ||
| 020 | _a978-1563470196 | ||
| 082 | _a660.04 M5871 M | ||
| 100 |
_aEdited by Herman Branover and Yeshajahu Unger _9127192 |
||
| 245 | 0 | _aMetallurgical technologies, energy conversion, and magnetohydrodynamic flows / | |
| 260 |
_bAmerican Institute of Aeronautics and Astronautics _a Washington, DC _c1993 |
||
| 300 | _a730 p. ;24 cm. | ||
| 440 |
_aProgress in astronautics and aeronautics V-148 _9127193 |
||
| 942 |
_cBK _2ddc |
||
| 999 |
_c559926 _d559926 |
||